000 01396nam a2200229Ia 4500
003 Ost
005 20260507075256.0
008 260507s9999||||xx |||||||||||||| ||und||
020 _a7013422977
040 _cfsecg
041 _aara
082 _a330
100 _aماهر، أحمد
_eمؤلف
245 0 _aتطوير المنظمات :
_bالدليل العلمي لاعادة الهيكلة و التميز الاداري و إدارة التغيير /
_c أحمد ماهر
260 _aالاسكندرية:
_bالدار الجامعية,
_c2007
300 _a601 صفحة؛
_bإيضاحات ؛
_c25 سم
520 _aماهية التطوير التنظيمي و كيف تتم عملية التطوير التنظيمي ، التطور التاريخي لنظريات التطوير التنظيمي و المسؤولون عنه ، دراسة الوضع الراهن من أجل التطوير التنظيمي و كيفية تحديد بدائل التدخل ، ادارة التغيير و التحول من الخطة الى التنفيذ ، الرقابة على خطط التطوير التنظيمي ، أنواع التدخلات على مستوى الفرد و الوظيفة ، على مستوى الجماعات و على مستوى الالمنظمة ككل.
653 _aالادارة
653 _aالتخطيط
653 _aالتنظيم
942 _cكتاب
999 _c43746
_d43746